Reformas educativas en brasil y en argentina : ensayos de historia comparada de la educación, 1820-2000 /
Guardado en:
| Otros Autores: | , |
|---|---|
| Formato: | Libro |
| Publicado: |
Buenos Aires :
Biblos,
2011
|
| Materias: | |
| Etiquetas: |
Agregar Etiqueta
Sin Etiquetas, Sea el primero en etiquetar este registro!
|
| LEADER | 00890nam a22002415a 4500 | ||
|---|---|---|---|
| 001 | EHU.bham045136 | ||
| 003 | AR-BHAM | ||
| 005 | 20180328093542.0 | ||
| 008 | 130507s2011##################000#0#####d | ||
| 020 | |a 9789507869280 | ||
| 082 | 3 | 7 | |a 379.2 |
| 245 | 0 | 0 | |a Reformas educativas en brasil y en argentina : |b ensayos de historia comparada de la educación, 1820-2000 / |c Coord. Por Diana G. Vidal, Adrián Ascolani |
| 260 | |a Buenos Aires : |b Biblos, |c 2011 | ||
| 300 | |a 250 p. | ||
| 653 | |a Reforma educativa | ||
| 653 | |a Educación-ciencias de la | ||
| 653 | |a Sistemas educativos | ||
| 653 | |a Educación brasileña-reforma en la | ||
| 653 | |a Educación argentina-reforma en la | ||
| 653 | |a Educación latinoamericana-historia de la-1820-2000 | ||
| 700 | 1 | |a Vidal, Diana G., coord. | |
| 700 | 1 | |a Ascolani, Adrián, coord. | |
| 859 | |a AR-BHAM |b BIB. HUMANIDADES - General |h 379.2 |i R259 |p 53.18 |t Ej.1 | ||
